000 00933nam a2200241 a 4500
001 000042892
005 20201002040458.0
008 140212s1994 sp 000 0 spa d
020 _a8420606685
040 _aDO-SdBNP
_bspa
_cBNPHU
082 _axxx
_bxxx
100 1 _aArtl, Roberto
_970338
245 1 3 _aEl criador de gorilas :
_bUn viaje terrible /
_cRoberto Artl ; introducción y notas de Teodosio Fernández.
260 _aMadrid :
_bAlianza,
_c1994.
300 _a225 p. ;
_c18 cm.
490 1 _aEl libro de bolsillo
_aliteratura
_v1668
500 _aIncluye datos biográficos del autor en la solapa de la contracubierta
500 _aIncluye referebcias bibliográficos y notas al pie de las páginas
504 _aBibliografía : p. 19-20
563 _aDos obras encuadernadas juntas con paginación continua.
700 1 2 _aFernández, Teodosio
_etr.
_913490
830 0 _aEl libro de bolsillo
_pliteratura
_n1668
_970339
999 _c42381
_d42381